| 000 | 00777nam a22002777a 4500 | ||
|---|---|---|---|
| 001 | 8389 | ||
| 003 | FISKH | ||
| 005 | 20250910123016.0 | ||
| 008 | 250910b cb ||||| |||| 00| 0 eng d | ||
| 020 | _a0864150091 | ||
| 040 |
_aFISKH _beng _cFISKH _dFISKH |
||
| 050 | _aHE551.P46 | ||
| 082 | _a387.1 | ||
| 100 | _aPepper, Susan | ||
| 245 |
_aPort / _cText: Susan Pepper : Photograph : Chris Fairclough |
||
| 260 |
_aSydney : _bFranklin Watts , _c1984. |
||
| 300 |
_a30 pages : _bcolor illustrations ; _c22 cm . |
||
| 490 | _aBehind the Scenes | ||
| 505 | _aK | ||
| 521 | 8 |
_a510
_bLexile estimate |
|
| 521 | 8 |
_aK
_bRaz-Plus |
|
| 650 |
_aHomeschool _vPicture Book |
||
| 700 |
_aFairclough, Chris _ePhotographer |
||
| 942 |
_2ddc _cBK _n0 |
||
| 999 |
_c8389 _d8389 |
||